[Event "Morava-ch U12"]
[Site "Bystrice nad Pernstejnem"]
[Date "2024.10.30"]
[Round "7"]
[White "Snopek, Jan"]
[Black "Bohm, Ondrej"]
[Result "1-0"]
[WhiteElo "1044"]
[BlackElo "1480"]
[PlyCount "161"]
[EventDate "2024.10.26"]
[EventType "swiss"]
[EventRounds "9"]
[EventCountry "CZE"]
[SourceTitle "CB45_2024"]
[Source "ChessBase"]
[SourceDate "2024.11.06"]
[SourceVersion "1"]
[SourceVersionDate "2024.11.06"]
[SourceQuality "1"]

1. e4 e5 2. Nf3 Nc6 3. Nc3 Nf6 4. Bc4 Nxe4 5. Nxe4 d5 6. Bxd5 Qxd5 7. Nc3 Qd8 8. d3 Bb4 9. Bd2 Bg4 10. 0-0 0-0 11. h3 Bh5 12. a3 Bd6 13. Re1 Nd4 14. g4 Nxf3+ 15. Qxf3 Bg6 16. Qxb7 Rb8 17. Qxa7 Rxb2 18. Rec1 Qa8 19. Qxa8 Rxa8 20. h4 h6 21. Rab1 Rxb1 22. Rxb1 Rxa3 23. Rb8+ Kh7 24. h5 Bxh5 25. gxh5 c6 26. Rb6 Ra1+ 27. Kg2 Bc5 28. Rxc6 Bb4 29. f4 exf4 30. Bxf4 Ra3 31. Be5 Ra5 32. Bd4 Rg5+ 33. Kf3 Rxh5 34. Rc7 Rf5+ 35. Kg4 Rg5+ 36. Kf4 Bd6+ 37. Kf3 Bxc7 38. Ne4 Ra5 39. Bc3 Ra2 40. d4 Rxc2 41. d5 Bd6 42. Nxd6 Rxc3+ 43. Ke4 Rc1 44. Nxf7 Rd1 45. d6 h5 46. Kf5 h4 47. Ke6 Kg6 48. Ne5+ Kg5 49. Nf3+ Kg4 50. Ne5+ Kg3 51. d7 g5 52. Nf7 g4 53. Nd6 Re1+ 54. Kf5 Rf1+ 55. Ke6 h3 56. d8Q h2 57. Ne4+ Kf3 58. Ng5+ Ke2 59. Ne4 h1N 60. Qd2+ Kf3 61. Qd3+ Kg2 62. Qe2+ Nf2 63. Nd2 Rg1 64. Qe5 g3 65. Qd5+ Kh3 66. Nf3 Rd1 67. Qh5+ Kg2 68. Nh4+ Kg1 69. Qg5 Re1+ 70. Kf5 Ne4 71. Qf4 Rf1 72. Nf3+ Kg2 73. Nh4+ Kg1 74. Nf3+ Kg2 75. Qxe4 Rxf3+ 76. Kg4 Kh2 77. Qxf3 g2 78. Qh3+ Kg1 79. Kf3 Kf1 80. Qxg2+ Ke1 81. Qe2# 1-0